000 00834nam a22002417a 4500
003 UA-OsUOA
001 132747
007 ta
008 20180905b un ||||| |||| 00| 0 ukr d
100 _aОнищук М. І.
090 _a811.162.1'25
_bО-58
942 _cBK
040 _aUA-OsUOA
_bukr
_cUA-OsUOA
_dUA-OsUOA
245 _aОснови військового перекладу
_bнавчальний посібник
_cзаг. ред. В. В. Балабіна
_nПольська мова
300 _a351 с.
955 _a2
041 _aukr
080 _a811.162.1'25
020 _a978-966-436-625-4
260 _aК.
_bКиївський університет
_c2013
650 7 _a8 Мовознавство. Художня література. Літературознавство
_2UDC
999 _c421292
_d421292